000 00227nam a22001217a 4500
008 171024b xxu||||| |||| 00| 0 eng d
041 _aeng
080 _a4
100 _a4
101 _a4
245 _a4
_c4
942 _2udc
_cBK
999 _c35809
_d35809